| 000 | 00537nmm a2200169Ia 4500 | ||
|---|---|---|---|
| 008 | 251105s9999||||xx |||||||||||||||||und|| | ||
| 020 | _a849742462X | ||
| 041 | _aspa | ||
| 100 | _aCastillo Colomer, Javier. | ||
| 245 | 0 |
_aLos sueños en la vida, la enfermedad y la muerte. : _b Claves para una hermenéutica |
|
| 264 |
_a[Madrid, España] : _bBiblioteca Nueva, _c2005 |
||
| 300 | _a260 páginas | ||
| 490 | _aPsicología Universidad | ||
| 650 | _aPsychology | ||
| 856 | _uhttps://public.digitaliapublishing.com/a/5568 | ||
| 942 | _cCF | ||
| 999 |
_c74192 _d74192 |
||